Loading...
കൊച്ചു കൊച്ചു ഇതിഹാസങ്ങൾ
| Main Author: | |
|---|---|
| Other Authors: | |
| Format: | Printed Book |
| Published: |
Kottayam
Current Books
2006.
|
| Subjects: |
| LEADER | 00605cam a2200169ua 4500 | ||
|---|---|---|---|
| 020 | |a 81-240-1612-7 | ||
| 082 | |a M894.812 301 |b SAN/K | ||
| 100 | 0 | |a സന്ധ്യ,ബി | |
| 245 | 1 | 0 | |a കൊച്ചു കൊച്ചു ഇതിഹാസങ്ങൾ |
| 260 | |a Kottayam |b Current Books |c 2006. | ||
| 300 | |a 74p.. | ||
| 650 | |a Kocchu kocchu ithihaasangal | ||
| 650 | |a Stories- Malayalam literature | ||
| 700 | |a Sandhya, B. | ||
| 942 | |c BK | ||
| 999 | |c 17018 |d 17018 | ||
| 952 | |0 0 |1 0 |4 0 |6 M_894_812000000000000_301_SANK |7 0 |9 17750 |a KUCL |b KUCL |d 2014-05-23 |l 1 |o M894.812 301 SAN/K |p 18442 |r 2020-03-04 |s 2020-01-29 |y BK | ||